Which Sporcle Category? Quiz Stats

 Plays Quiz not verified by Sporcle

Score 0/50 Timer 05:00
0 Plays Today
Clue Category % Correct
Santa ClausHoliday
82.2%
Magna CartaHistory
82.2%
Idiot TestJust For Fun
80.2%
Princess PeachGaming
75.2%
Paradise LostLiterature
74.3%
Eleanor RigbyMusic
74.3%
Jack NicholsonMovies
74.3%
Lord ByronLiterature
72.3%
Gregor MendelScience
71.3%
Covalent bondScience
71.3%
Marcus AureliusHistory
71.3%
Annie HallMovies
70.3%
Dmitri MendeleevScience
67.3%
Francis of AssisiReligion
66.3%
Doogie HowserTelevision
66.3%
Phnom PenhGeography
64.4%
Partitive articleLanguage
64.4%
Holden CaulfieldLiterature
63.4%
Pickett's ChargeHistory
54.5%
Steve ZissouMovies
54.5%
Tottenham HotspurSports
53.5%
Jake and the FatmanTelevision
52.5%
Francis Scott KeyMusic
52.5%
Carl YastrzemskiSports
51.5%
RamaReligion
51.5%
Clue Category % Correct
Kid AMusic
51.5%
Samuel ClemensLiterature
51.5%
Uncle PennybagsGaming
49.5%
Francis CrickScience
45.5%
Robert Allen ZimmermanMusic
43.6%
Lew AlcindorSports
43.6%
Zarley ZalapskiSports
42.6%
KahoʻolaweGeography
40.6%
Battle of Five ArmiesLiterature
39.6%
Angkor WatReligion
39.6%
Daniel PlainviewMovies
38.6%
Neap TideScience
38.6%
Pictures of LilyMusic
37.6%
Carnevale di VeneziaHoliday
36.6%
David KoreshReligion
36.6%
Chris Fuamatu-Ma'afalaSports
34.7%
Eddie HaskellTelevision
34.7%
Bandar Seri BegawanGeography
32.7%
Desmond HumeTelevision
32.7%
Aleister CrowleyReligion
30.7%
Jack MarstonGaming
25.7%
Boris SpasskyGaming
24.8%
Freddie WashingtonTelevision
23.8%
Charles-Michel de l'ÉpéeLanguage
14.9%
Nina WilliamsGaming
10.9%

You're not logged in!

Compare scores with friends on all Sporcle quizzes.
OR
Log In

Show Comments

Extras

Created Nov 18, 2010ReportNominate
Tags:Sporcle Quiz, category

Top Quizzes Today


Score Distribution

Your Account Isn't Verified!

In order to create a playlist on Sporcle, you need to verify the email address you used during registration. Go to your Sporcle Settings to finish the process.

Report this User

Report this user for behavior that violates our Community Guidelines.

Details: